[Event "DEN-ch G7 Gr-1"]
[Site "Svendborg"]
[Date "2022.04.18"]
[Round "7"]
[White "Svendsen, Peter Willer"]
[Black "Kovshoj, Sune"]
[Result "0-1"]
[WhiteElo "1909"]
[BlackElo "2125"]
[PlyCount "92"]
[EventDate "2022.04.12"]
[EventType "swiss"]
[EventRounds "7"]
[EventCountry "DEN"]
[SourceTitle "EXT 2024"]
[Source "ChessBase"]
[SourceDate "2023.10.10"]
[SourceVersion "1"]
[SourceVersionDate "2023.10.10"]
[SourceQuality "1"]

1. e4 c5 2. Nf3 d6 3. d4 cxd4 4. Nxd4 Nf6 5. Nc3 a6 6. Bg5 e5 7. Nb3 Be7 8. Be2 Be6 9. Qd2 Nbd7 10. 0-0-0 h6 11. Bxf6 Nxf6 12. Kb1 0-0 13. f4 b5 14. Bf3 Qb6 15. f5 Bc4 16. g4 b4 17. Nd5 Nxd5 18. exd5 Bg5 19. Qg2 Bf4 20. f6 Bxb3 21. axb3 gxf6 22. g5 fxg5 23. Qh3 Kg7 24. Qf5 Qd8 25. Be4 Rh8 26. Rdg1 Qc8 27. h4 Qxf5 28. Bxf5 Kf6 29. Be4 gxh4 30. Rxh4 Rhg8 31. Rgh1 Rg3 32. Rh5 Rag8 33. Rf5+ Ke7 34. Rfh5 Rg1+ 35. Ka2 Rxh1 36. Rxh1 Rg3 37. Rh5 Bg5 38. Rh2 a5 39. Rh1 Re3 40. Bf5 Rf3 41. Bg4 Rf2 42. Bd1 f5 43. Rh3 e4 44. c4 f4 45. Bh5 e3 46. Bg4 e2 0-1

[Event "EU-Cup 34th"]
[Site "Porto Carras"]
[Date "2018.10.13"]
[Round "2.5"]
[White "In't Veld, Daan"]
[Black "Svendsen, Peter Willer"]
[Result "1-0"]
[WhiteElo "2194"]
[BlackElo "1948"]
[PlyCount "59"]
[EventDate "2018.10.12"]
[EventType "team-swiss"]
[EventRounds "7"]
[EventCountry "GRE"]
[SourceTitle "CBM 187"]
[Source "ChessBase"]
[SourceDate "2018.12.11"]
[SourceVersion "1"]
[SourceVersionDate "2018.12.11"]
[SourceQuality "1"]
[WhiteTeam "Deloitte"]
[BlackTeam "Hillerod"]
[WhiteTeamCountry "NED"]
[BlackTeamCountry "DEN"]

1. e4 e5 2. Nf3 Nf6 3. Nc3 d6 4. d4 Nbd7 5. Bc4 Be7 6. 0-0 0-0 7. a4 c6 8. a5 Qc7 9. Qe2 exd4 10. Nxd4 Re8 11. Bf4 Bf8 12. Rfe1 Ne5 13. Bb3 g6 14. h3 Bg7 15. Bh2 Qe7 16. Nf3 Nfd7 17. Nd2 Nc5 18. Ba2 Ne6 19. Bxe6 Bxe6 20. f4 Nd7 21. a6 b6 22. Qf3 Nf8 23. f5 Bd7 24. Nc4 Bxf5 25. exf5 Qxe1+ 26. Rxe1 Rxe1+ 27. Kf2 Rae8 28. f6 Bh6 29. Bf4 g5 30. Qh5 1-0

[Event "DEN-ch G5-A"]
[Site "Skorping"]
[Date "2014.04.20"]
[Round "4"]
[White "Mortensen, Henrik"]
[Black "Svendsen, Peter Willer"]
[Result "1-0"]
[WhiteElo "2011"]
[BlackElo "1870"]
[PlyCount "137"]
[EventDate "2014.04.17"]
[EventType "swiss"]
[EventRounds "5"]
[EventCountry "DEN"]
[SourceTitle "EXT 2023"]
[Source "ChessBase"]
[SourceDate "2022.10.05"]
[SourceVersion "1"]
[SourceVersionDate "2022.10.05"]
[SourceQuality "1"]

1. Nf3 Nf6 2. c4 g6 3. Nc3 Bg7 4. e4 d6 5. d4 0-0 6. Be2 e5 7. dxe5 dxe5 8. Qxd8 Rxd8 9. Bg5 c6 10. Nxe5 Re8 11. f4 Na6 12. 0-0-0 Nc5 13. Bf3 Ne6 14. Rhe1 h6 15. Bxf6 Bxf6 16. Ng4 Bg7 17. g3 Nd4 18. Nxh6+ Kh7 19. Rxd4 Bxd4 20. Nxf7 Be6 21. Ng5+ Kg7 22. Nxe6+ Rxe6 23. e5 Rd8 24. Ne4 Re7 25. Bg4 b5 26. Ng5 Rde8 27. Bf3 bxc4 28. Bxc6 Rb8 29. Re2 c3 30. b3 Rc8 31. Bd5 Bc5 32. Kc2 Ba3 33. Bc4 Bb2 34. Ne4 a5 35. Nxc3 Bxc3 36. Kxc3 Rec7 37. Rd2 a4 38. Rd6 Rf8 39. Kd4 g5 40. Ke4 axb3 41. axb3 Ra7 42. f5 Rh8 43. Rd2 Rh6 44. f6+ Kg6 45. Rf2 Rh8 46. e6 Rc7 47. e7 Rhc8 48. Bb5 Kf7 49. e8Q+ Rxe8+ 50. Bxe8+ Kxe8 51. Kd4 Kf7 52. b4 Rd7+ 53. Kc5 Rd3 54. Rf5 g4 55. Rf4 Rd2 56. Rxg4 Rxh2 57. Rf4 Rc2+ 58. Kb6 Rc3 59. g4 Rb3 60. b5 Rb1 61. Kc6 Rc1+ 62. Kb7 Rc2 63. b6 Rb2 64. Kc7 Rc2+ 65. Kb8 Rb2 66. Ka7 Ra2+ 67. Kb8 Rb2 68. b7 Rb1 69. Rc4 1-0

[Event "DEN-chB"]
[Site "Helsingor"]
[Date "2013.03.29"]
[Round "2"]
[White "Svendsen, Peter Willer"]
[Black "Percivaldi, Martin"]
[Result "0-1"]
[WhiteElo "2027"]
[BlackElo "2067"]
[PlyCount "134"]
[EventDate "2013.03.26"]
[EventType "swiss"]
[EventRounds "7"]
[EventCountry "DEN"]
[SourceTitle "EXT 2014"]
[Source "ChessBase"]
[SourceDate "2013.11.20"]
[SourceVersion "1"]
[SourceVersionDate "2013.11.20"]
[SourceQuality "1"]

1. d4 d5 2. c4 c6 3. Nf3 Nf6 4. e3 Bf5 5. Nc3 e6 6. Be2 h6 7. Qb3 Qb6 8. Bd2 Nbd7 9. 0-0 Be7 10. Qxb6 axb6 11. Rac1 Bd6 12. Rfd1 Ke7 13. Be1 g5 14. Nd2 g4 15. g3 h5 16. Bf1 h4 17. Bg2 hxg3 18. hxg3 Nf8 19. a3 N8h7 20. e4 dxe4 21. Ndxe4 Nxe4 22. Nxe4 Bxe4 23. Bxe4 Ng5 24. Bg2 Rh5 25. Rd3 Rah8 26. Rcd1 f5 27. Bc3 R8h7 28. Kf1 Rh2 29. Re1 Nf7 30. b4 Kd7 31. Rde3 R7h6 32. d5 cxd5 33. cxd5 e5 34. Bd2 R6h5 35. Rc3 f4 36. Be4 f3 37. Bxf3 gxf3 38. Rxf3 Rh1+ 39. Ke2 Rxe1+ 40. Bxe1 Ke7 41. Bd2 Rh8 42. Rc3 b5 43. Be3 Kd7 44. Kd3 Bc7 45. Ke4 Re8 46. Kf5 Nd6+ 47. Kg6 Rg8+ 48. Kh5 Ne4 49. Rc2 Nf6+ 50. Kh4 Nxd5 51. Rc5 Nxe3 52. fxe3 b6 53. Rd5+ Ke6 54. e4 Rd8 55. Rxb5 Rd4 56. a4 Rxe4+ 57. g4 Kd6 58. Kg3 Kc6 59. g5 Bd8 60. Kf3 Rf4+ 61. Kg3 Rf5 62. g6 Bf6 63. Kg4 Rg5+ 64. Kf3 e4+ 65. Kxe4 Rxb5 66. axb5+ Kxb5 67. g7 Bxg7 0-1

[Event "DEN-chB"]
[Site "Helsingor"]
[Date "2013.03.29"]
[Round "6"]
[White "Svendsen, Peter Willer"]
[Black "Thogersen, Rasmus"]
[Result "0-1"]
[WhiteElo "2027"]
[BlackElo "1953"]
[PlyCount "66"]
[EventDate "2013.03.26"]
[EventType "swiss"]
[EventRounds "7"]
[EventCountry "DEN"]
[SourceTitle "EXT 2014"]
[Source "ChessBase"]
[SourceDate "2013.11.20"]
[SourceVersion "1"]
[SourceVersionDate "2013.11.20"]
[SourceQuality "1"]

1. d4 Nf6 2. c4 g6 3. Nc3 Bg7 4. e4 d6 5. Nf3 0-0 6. Be2 e5 7. 0-0 Nc6 8. d5 Ne7 9. Ne1 Nd7 10. Be3 f5 11. f3 f4 12. Bf2 g5 13. Nd3 Rf6 14. c5 Rh6 15. Rc1 Qe8 16. Kh1 Qh5 17. Bg1 Nf6 18. cxd6 cxd6 19. Nb5 Qg6 20. Bf2 g4 21. Nxd6 Rxh2+ 22. Kxh2 g3+ 23. Kg1 Qh5 24. Rxc8+ Nxc8 25. Re1 Nxd6 26. Bc5 Qh2+ 27. Kf1 Qh1+ 28. Bg1 Nc4 29. Qc1 Ne3+ 30. Qxe3 fxe3 31. Nxe5 Nxe4 32. fxe4 Bxe5 33. Bf3 Rc8 0-1

[Event "DEN-ch G5-1"]
[Site "Helsingor"]
[Date "2012.04.09"]
[Round "5"]
[White "Svendsen, Peter Willer"]
[Black "Johansen, Johnny Holler"]
[Result "1-0"]
[WhiteElo "1945"]
[BlackElo "1896"]
[PlyCount "117"]
[EventDate "2012.04.05"]
[EventType "tourn"]
[EventRounds "5"]
[EventCountry "DEN"]
[SourceTitle "EXT 2023"]
[Source "ChessBase"]
[SourceDate "2022.10.05"]
[SourceVersion "1"]
[SourceVersionDate "2022.10.05"]
[SourceQuality "1"]

1. d4 e6 2. Nf3 Nf6 3. g3 b6 4. Bg2 Bb7 5. 0-0 d5 6. c4 c5 7. cxd5 Bxd5 8. Nc3 Bb7 9. Bg5 cxd4 10. Nb5 Nc6 11. Ne5 Nxe5 12. Bxb7 Rb8 13. Bg2 Qd7 14. Nxd4 Bc5 15. e3 Nd5 16. Qh5 Ng6 17. Rfd1 h6 18. Bf4 Ngxf4 19. gxf4 0-0 20. f5 Nf6 21. Qh4 Rbd8 22. Bf3 Bxd4 23. Rxd4 Qe7 24. fxe6 Qxe6 25. a4 Qe5 26. Rad1 Rc8 27. b4 Qg5+ 28. Qxg5 hxg5 29. b5 Rc7 30. Bc6 g6 31. Kg2 Kg7 32. h4 gxh4 33. Rxh4 Rh8 34. Rxh8 Kxh8 35. f4 Kg7 36. Kf3 Re7 37. e4 Nh5 38. Rd6 f6 39. Kg4 Kf7 40. Bd5+ Kg7 41. Rd8 f5+ 42. exf5 Nf6+ 43. Kg5 Nh7+ 44. Kh4 gxf5 45. Kh5 Re3 46. Rd7+ Kh8 47. Rf7 Rd3 48. Kg6 Rxd5 49. Rxh7+ Kg8 50. Rxa7 Kf8 51. Kf6 Kg8 52. Ra6 Rd6+ 53. Kxf5 Kf7 54. Ke5 Re6+ 55. Kd5 Rf6 56. a5 Rf5+ 57. Kc6 bxa5 58. b6 Rxf4 59. b7 1-0

[Event "DEN-chT 1112 50th"]
[Site "Denmark"]
[Date "2012.03.11"]
[Round "9.8"]
[White "Svendsen, Peter Willer"]
[Black "Palm, Nikolaj"]
[Result "0-1"]
[WhiteElo "1984"]
[BlackElo "2253"]
[PlyCount "78"]
[EventDate "2011.10.29"]
[EventType "team-tourn"]
[EventRounds "9"]
[EventCountry "DEN"]
[SourceTitle "EXT 2013"]
[Source "ChessBase"]
[SourceDate "2012.11.22"]
[SourceVersion "1"]
[SourceVersionDate "2012.11.22"]
[SourceQuality "1"]
[WhiteTeam "Hillerod"]
[BlackTeam "Bronshoj"]
[WhiteTeamCountry "DEN"]
[BlackTeamCountry "DEN"]

1. d4 d5 2. c4 e6 3. Nc3 Nf6 4. Bg5 Be7 5. Nf3 0-0 6. e3 a6 7. Qc2 Nbd7 8. cxd5 exd5 9. Bd3 Re8 10. 0-0-0 Nf8 11. Ne5 c6 12. h3 N6d7 13. Nxd7 Bxd7 14. Bxe7 Rxe7 15. Kb1 Qa5 16. Rc1 Rae8 17. Na4 Bc8 18. Nc5 Qc7 19. Qb3 Qd6 20. Rc2 Qf6 21. Rhc1 Qg5 22. g4 Qh4 23. Bf1 h5 24. gxh5 Qxh5 25. Qb4 Ng6 26. Qd2 f5 27. Qd1 Qh6 28. Qf3 f4 29. e4 dxe4 30. Qb3+ Kh7 31. d5 cxd5 32. Qxd5 Re5 33. Qf7 R8e7 34. Qb3 Bf5 35. Re2 Rc7 36. Qb4 Qh4 37. Ka1 Qe7 38. Rec2 e3 39. Nd3 Qxb4 0-1